Bankovníctvo a financie

Salvato in:
Dettagli Bibliografici
Autori principali: Kupková, Mariana, Kupka, Zdeněk (Autore), Gálisová, Marína, 1972- (Autore)
Natura: Libro
Lingua:slovacco
Pubblicazione: Bratislava Promo Internacional 1991
Edizione:1. vyd.
Soggetti:
Accesso online:Visualizza in OPAC
Tags: Aggiungi Tag
Nessun Tag, puoi essere il primo ad aggiungerne!!

MARC

LEADER 00000nam a2200000 a 4500
005 20260127134254.0
008 070709s1991 xo slo d
020 |c 98.00 
035 |a vtls009032305 
035 |a PPPK24704 
039 9 |a 201708220952  |b AUTHORITY  |c 200809191220  |d mschk03  |c 200707312113  |d VLOAD  |y 200707231511  |z VLOAD 
040 |a PPPK  |b slo  |c PPPK  |d STUSCHK1 
041 0 |a slo 
080 |a 801.3 
080 |a 336=30=40=50=20=850 
100 1 |a Kupková, Mariana 
245 1 |a Bankovníctvo a financie  |c Mariana Kupková 
250 |a 1. vyd. 
260 |a Bratislava  |b Promo Internacional  |c 1991 
300 |a 137 s. brož. 
650 0 7 |a bankovníctvo  |2 PPPK 
650 0 7 |a slovníky prekladové  |2 PPPK 
650 0 7 |a nemčina  |2 PPPK 
650 0 7 |a francúzština  |2 PPPK 
650 0 7 |a taliančina  |2 PPPK 
650 0 7 |a angličtina  |2 PPPK 
700 1 |a Kupka, Zdeněk  |4 aut 
700 1 |a Gálisová, Marína,  |d 1972-  |4 aut  |9 1261 
910 |a pppk 
910 |a SCHK95 
999 |c 8423  |d 8423